All the Songs from 'Dear Evan Hansen' - Statistics

General Stats
  • This quiz has been taken 13 times
  • The average score is 10 of 14
Answer Stats
Songs % Correct
Sincerely, Me
92%
Waving Through a Window
92%
You will be Found
92%
Good For You
83%
Requiem
83%
Only Us
75%
Words Fail
75%
Anybody Have a Map
67%
Disappear
67%
For Forever
67%
To Break in a Glove
67%
Finale
58%
If I could Tell Her
58%
So Big / So Small
58%
No matching quizzes found
Score Distribution
Percent of People with Each Score
Percentile by Number Answered
Your Score History
You have not taken this quiz